Online
Catalog

Autorretrato del cronista / (Record no. 41867)

MARC details
000 -CABECERA
campo de control de longitud fija 00835nam a2200217 a 4500
001 - NÚMERO DE CONTROL
campo de control 000042378
005 - FECHA Y HORA DE LA ÚLTIMA TRANSACCIÓN
campo de control 20201002040121.0
008 - DATOS DE LONGITUD FIJA--INFORMACIÓN GENERAL
campo de control de longitud fija 131127s1994 sp 000 0 spa d
020 ## - NÚMERO INTERNACIONAL ESTÁNDAR DEL LIBRO
Número Internacional Estándar del Libro 8433913832
040 ## - FUENTE DE LA CATALOGACIÓN
Centro catalogador/agencia de origen DO-SdBNP
Lengua de catalogación spa
Centro/agencia transcriptor BNPHU
082 ## - NÚMERO DE LA CLASIFICACIÓN DECIMAL DEWEY
Número de clasificación xxx
Número de documento/Ítem G916a
100 1# - ENTRADA PRINCIPAL--NOMBRE DE PERSONA
Nombre de persona Guarner, José Luis,
Fechas asociadas al nombre 1937-1993.
9 (RLIN) 69468
245 10 - MENCIÓN DE TÍTULO
Título Autorretrato del cronista /
Mención de responsabilidad, etc. José Luis Guarner ; selección de textos de Lluís Bonet Mojica ... [et al.] ; [prológo de Guillermo Cabrera Infante].
260 ## - PUBLICACIÓN, DISTRIBUCIÓN, ETC.
Lugar de publicación, distribución, etc. Barcelona :
Nombre del editor, distribuidor, etc. Anagrama,
Fecha de publicación, distribución, etc. 1994.
300 ## - DESCRIPCIÓN FÍSICA
Extensión 420 p. ;
Dimensiones 22 cm.
490 1# - MENCIÓN DE SERIE
Mención de serie Argumentos
500 ## - NOTA GENERAL
Nota general Incluye datos biográficos del autor en la solapa de la cubierta.
500 ## - NOTA GENERAL
Nota general Incluye referencias bibliográficas y notas al pie de las páginas.
700 12 - PUNTO DE ACCESO ADICIONAL--NOMBRE DE PERSONA
Nombre de persona Cabrera Infante, Guillermo
Término indicativo de función/relación pról.
9 (RLIN) 47867
830 #0 - PUNTO DE ACCESO ADICIONAL DE SERIE-TÍTULO UNIFORME
Título uniforme Argumentos
9 (RLIN) 8962
Holdings
Estado de retiro Estado de pérdida Restricciones de uso No para préstamo Código de colección Localización permanente Ubicación/localización actual Ubicación en estantería Fecha de adquisición Número de inventario Total de préstamos Signatura topográfica completa Código de barras Fecha visto por última vez Precio válido a partir de Tipo de ítem Koha
      Excluido de préstamo Monografías: Libros y Folletos General General En catalogación 27.11.2013 LF1   xxx G916a 42378-10 25.06.2020 25.06.2020 No se presta

Powered by Koha